| 000 | 00538nam a22001577a 4500 | ||
|---|---|---|---|
| 999 |
_c530780 _d530780 |
||
| 003 | NUST | ||
| 005 | 20191014151538.0 | ||
| 008 | 191014b ||||| |||| 00| 0 eng d | ||
| 038 | _aNusrat Nadeem | ||
| 082 | _a004.12 MUS | ||
| 100 |
_a Pasha Mustafa Kamal _923871 |
||
| 245 |
_aMS/ Thesis:2D, 3D-QSAR and Docking studies on inhibitors of IR and IGF-1R: Exploration of binding mode at Tyrosine Kinase Domain _cMustafa Kamal Pasha |
||
| 260 |
_aIslamabad _bRCMS NUST _c2016 |
||
| 700 | _4Dr. Ishrat Jabeen (Supervisor) | ||
| 942 |
_2ddc _cTHE |
||